000 00387nam a2200169Ia 4500
003 0STCL
008 150530s9999 xx 000 0 und d
040 _aSTCL
_cSTCL
100 _aNand Dulare Vajpayee
245 _aAahunik Sahithya
260 _bBharati Bhantar; Allahabad
_c1970
300 _a0
546 _aHindi
942 _2ddc
_cBK
999 _c65719
_d65719
005 20220125171312.0